01108nab a22002057a 4500999001500000003000400015005001700019008004100036040000700077100003000084245017700114300001300291505031300304505007200617650002800689650003000717650003800747773010400785942001300889 c5774d5774OSt20260105220404.0190514b xxu||||| |||| 00| 0 spa d cPJ 94688aPiccinelli, Ornela 10aNotificaciones digitales, acceso a justicia y modernización procesal : brepensar las formas en clave de derechos humanos, a 40 años de democracia /cOrnela Piccinelli. ap. 85-99 aSumario: I. Hablemos de asuntos pendientes.— II. ¿Qué implica pensar un sistema procesal en clave de derechos?— III. Algunas propuestas de cara a la reforma procesal vinculadas a los actos procesales de comunicación.— IV. Sobre el cierre: alentar discusiones para robustecer derechos conquistados. tSi te interesa el texto, comunicate a koha@justierradelfuego.gov.ar 09967aDERECHO DE FAMILIA 091953aPROCEDIMIENTO CIVIL 0aTECNOLOGIA DE LA INFORMACION92890 0284493222dBuenos Aires : AbeledoPerrot, 1989-tDerecho de familia. N° 113 - Marzo 2024z18511201 2udccANA